UBT Library

MEDICAL GUIDE + (Record no. 59063)

000 -LEADER
fixed length control field 00311nam a22001457a 4500
008 - FIXED-LENGTH DATA ELEMENTS--GENERAL INFORMATION
fixed length control field 221201b ||||| |||| 00| 0 eng d
020 ## - INTERNATIONAL STANDARD BOOK NUMBER
International Standard Book Number 9781587653841
041 ## - LANGUAGE CODE
Language code of text/sound track or separate title eng
080 ## - UNIVERSAL DECIMAL CLASSIFICATION NUMBER
Edition identifier VOLUME II
Universal Decimal Classification number 61
082 ## - DEWEY DECIMAL CLASSIFICATION NUMBER
Classification number 61
100 ## - Rafti
Rafti 4
101 ## - Shkurtesa
Shkurtesa MJK
245 ## - TITLE STATEMENT
Title MEDICAL GUIDE +
Statement of responsibility, etc MAGILL'S
942 ## - ADDED ENTRY ELEMENTS (KOHA)
Source of classification or shelving scheme
Item type Books
Holdings
Withdrawn status Lost status Source of classification or shelving scheme Damaged status Not for loan Collection code Permanent location Current location Date acquired Total Checkouts Full call number Barcode Date last seen Price effective from Koha item type
          Koleksioni i përgjithshem UBT - Lipjan UBT - Lipjan 12/01/2022   61MAG 002-800028700260916 12/01/2022 12/01/2022 Books
          Koleksioni i përgjithshem UBT - Lipjan UBT - Lipjan 12/01/2022   61MAG 002-800028700260917 12/01/2022 12/01/2022 Books
          Koleksioni i përgjithshem UBT - Lipjan UBT - Lipjan 12/16/2022   61MAG 002-8000287002601171 12/16/2022 12/16/2022 Books
          Koleksioni i përgjithshem UBT - Lipjan UBT - Lipjan 12/16/2022   61MAG 002-8000287002601172 12/16/2022 12/16/2022 Books
          Koleksioni i përgjithshem UBT - Lipjan UBT - Lipjan 12/16/2022   61MAG 002-8000287002601173 12/16/2022 12/16/2022 Books
UBT Library © 2015-2024. All rights reserved University Education for Business and Technology